00965nam a2200241 i 450000100060000000300090000600500170001500700030003200800410003508000130007610000340008924500710012325000120019426000560020630000440026249000160030665000230032283000240034585201960036994200200056599900170058595201210060222239ES-MaACL20250403175601.0t|021202s1952 sp ||||1| spa d a612.6.061 aAlgora Gorbea, José.91989613aEl hombre, la mujer y el problema sexual / cJosé Algora Gorbea. a1ª ed. aZaragoza : b[s.n.], c1952 (fHeraldo de Aragón) a214 p., 1 lám. :bretr. aut, c22 cm.1 aSexo y vida 4aSexualidad.9170781 aSexo y vida92289854 aES-MaACLjD-6470923046bR. 32540bR.M. 6063cSVIfSello en tinta azul de la Biblioteca del Ateneo de MadridzEn cubierta: “Donativo”zEn cubierta: "2. OCT. 1952"zRetrato: José Algora 2udccMONOGRAFIA c22239d22239 00104070aATENEOMbATENEOMcSVId2008-01-17eSCl0oD-6470p901022889r2023-02-23 00:00:00w2023-02-23yMONOGRAFIA